Statistics for Selena Gomez Filmography

Click here to take the quiz!

General Stats

  • This quiz has been taken 27 times
    (10 since last reset)
  • The average score is 10 of 60

Answer Stats

TypeYearName% Correct
TV Show2007-2012Wizards of Waverly Place
100%
TV Film2009Wizards of Waverly Place: The Movie
78%
Film2012Spring Breakers
67%
TV Show2007Hannah Montana
56%
Film2012Hotel Transylvania
56%
Film2010Ramona and Beezus
56%
TV Show2002-2004Barney & Friends
44%
TV Show2006The Suite Life of Zack & Cody
44%
Production2017-Present13 Reasons Why
44%
Film2011Monte Carlo
44%
TV Film2009Princess Protection Program
44%
Film2021Hotel Transylvania 4
33%
Film2018Hotel Transylvania 3: Summer Vacation
33%
Film2015Hotel Transylvania 2
33%
TV Special2013The Wizards Return: Alex vs. Alex
33%
Film2008Another Cinderella Story
33%
TV Show2009The Suite Life on Deck
22%
Film2013Getaway
22%
TV Show2009Sonny with a Chance
22%
Web Series2020Selena + Chef
22%
Film2019The Dead Don't Die
22%
Film2020Dolittle
11%
Film2019A Rainy Day in New York
11%
Film2008Horton Hears a Who!
11%
TV Show2016Saturday Night Live
11%
Film2016The Fundamentals of Caring
11%
Film2014Behaving Badly
11%
ProductionTBAOnly Murders in the Building
11%
TV Show2011So Random!
11%
TV Show2008Disney Channel Games
11%
Film2013Girl Rising
0%
Short Film2012Fifty Shades of Blue
0%
ProductionTBAThe Broken Hearts Gallery
0%
FilmTBADollhouse
0%
Film2022In the Shadow of the Mountain
0%
TV Film2005Walker, Texas Ranger: Trial by Fire
0%
Documentary Series2020Whose Vote Counts, Explained
0%
Film2010Arthur 3: The War of the Two Worlds
0%
Web Series2020Animal Talking with Gary Whitta
0%
Web Documentary2010Selena Gomez: Girl Meets World
0%
Production2019Living Undocumented
0%
Film2009Arthur and the Revenge of Maltazard
0%
Film2011The Muppets
0%
Short Film2018A Love Story
0%
Web Documentary201713 Reasons Why: Beyond the Reasons
0%
Short Film2013Searching
0%
Short Film2017Puppy!
0%
TV Show2016Inside Amy Schumer
0%
TV Special2008Studio DC: Almost Live
0%
Film2016In Dubious Battle
0%
Film2016Neighbors 2: Sorority Rising
0%
TV Show2009Extreme Makeover: Home Edition
0%
Concert Film2015Taylor Swift: The 1989 World Tour Live
0%
Film2015The Big Short
0%
TV Show2008Jonas Brothers: Living the Dream
0%
Film2012Aftershock
0%
Film2014Rudderless
0%
Documentary Series2013Austin Mahone Takeover
0%
Film2003Spy Kids 3-D: Game Over
0%
TV Show2015The Voice
0%

Score Distribution

Percentile by Number Answered

Percent of People with Each Score

Your Score History

You have not taken this quiz since the last reset